Východorímske a byzantské mince na ůzemí Slovenska

Podrobná bibliografia
Hlavný autor: Fiala, Anton, 1949- (Autor)
Médium: Článok
Jazyk:slovenčina
ISSN:1335-4353
Predmet:

MARC

LEADER 00000nab a2200000 a 4500
001 vtls000910944
003 SK-MaSNL
005 20260303182338.0
008 140429e19980000xo 0 slo
035 |a KE19865 
040 |a KEVKJB  |b slo  |c KEVKJB  |e AACR2 
041 0 |a slo 
044 |a xo  |c SK 
080 |a 737  |2 1981 
100 1 |a Fiala, Anton,  |d 1949-  |4 aut  |9 14047 
245 1 0 |a Východorímske a byzantské mince na ůzemí Slovenska 
650 0 7 |a numizmatika  |2 KEVKJB  |9 2900 
650 0 7 |a rímske mince  |2 KEVKJB  |9 3058 
650 0 7 |a mince  |2 KEVKJB  |9 2305 
650 0 7 |a štúdie  |2 KEVKJB  |9 92810 
651 7 |a Obišovce (Slovensko)  |2 KEVKJB  |9 30127 
651 7 |a Košice-okolie (Slovensko : okres)  |2 KEVKJB  |9 146743 
651 7 |a Streda nad Bodrogom (Slovensko)  |2 KEVKJB  |9 28593 
651 7 |a Trebišov (Slovensko)  |2 KEVKJB  |9 26686 
773 0 8 |t Pamiatky múzeá, č.2 (1998), s. 12-15  |x 1335-4353 
852 |a ZVYKNI  |b KIS3GCP 
999 |c 2116580  |d 2118510